LEADER 00946nam0 22002651i 450 001 UON00200867 005 20231205103253.319 100 $a20030730d1994 |0itac50 ba 101 $aalb 102 $aAL 105 $a|||| ||||| 200 1 $aDelirium$fMimoza Ahmeti 210 $aTiranë$cMarin Barleti$d1994 215 $a76 p.$d20 cm. 316 $aFatt. n. 1 del 25.11.96$5IT-UONSI ALBAAHM/0002 620 $dTiranë$3UONL003212 676 $a891.991$cLetteratura albanese$v21 700 1$aAHMETI$bMimoza$3UONV119917$0680172 712 $aMarin Barleti$3UONV267062$4650 801 $aIT$bSOL$c20240220$gRICA 899 $aSIBA - SISTEMA BIBLIOTECARIO DI ATENEO$2UONSI 912 $aUON00200867 950 $aSIBA - SISTEMA BIBLIOTECARIO DI ATENEO$dSI ALB A AHM 0002 $eSI EO 26900 5 0002 Fatt. n. 1 del 25.11.96 996 $aDelirium$91254697 997 $aUNIOR